00592nam a2200205Ia 450000500170000000800410001702000150005808200130007310000180008624500330010426000590013730000190019665000230021565000080023865000110024665000130025794200060027095200950027699900150037120240813071159.0240331s9999 xx 000 0 und d a9555800618 bSIRa400 aSiriwardena,R 4aThe protean life of language aColombobInternational Centre for Ethnic Studiesc2001 axiii, 156 p ., aHuman Relationship asex aGender aPronouns cL 001040708LaWERCLbWERCLcSSCd2024-03-31l0o 400 SIRp6583r2024-03-31w2024-03-31yL c4993d4993